| 000 -CABECERA |
| Longitud fija campo de control |
00746nam a2200229 a 4500 |
| 001 - NÚMERO DE CONTROL |
| Número de control |
5354 |
| 003 - IDENTIFICADOR DEL NÚMERO DE CONTROL |
| Identificador del número de control |
CDMR |
| 005 - FECHA Y HORA DE LA ÚLTIMA TRANSACCIÓN |
| Fecha y hora de la última transacción |
20131031123133.0 |
| 008 - CÓDIGOS DE INFORMACIÓN DE LONGITUD FIJA |
| Códigos de información de longitud fija |
130130s1980||||||||||||||||||||||||||||d |
| 020 ## - NÚMERO INTERNACIONAL NORMALIZADO PARA LIBROS |
| Número Internacional Normalizado para Libros (ISBN) |
0804007969 |
| 040 ## - FUENTE DE LA CATALOGACIÓN |
| Centro catalogador de origen |
CDMR |
| Lengua de catalogación |
cat |
| Centro transcriptor |
CDMR |
| 245 #0 - MENCIÓN DE TÍTULO |
| Título |
Murder Most Foul |
| Resto del título |
: and other great crime stories from the world press |
| Mención de responsabilidad, etc. |
edited by Rob Warden and Martha Groves |
| 260 ## - PUBLICACIÓN, DISTRIBUCIÓN, ETC. (PIE DE IMPRENTA) |
| Lugar de publicación, distribución, etc. |
Chicago |
| Nombre del editor, distribuidor, etc. |
Shallow Press |
| 260 ## - PUBLICACIÓN, DISTRIBUCIÓN, ETC. (PIE DE IMPRENTA) |
| Lugar de publicación, distribución, etc. |
Athens, Ohio |
| Fecha de publicación, distribución, etc. |
1980 |
| Nombre del editor, distribuidor, etc. |
Ohio University Press |
| 300 ## - DESCRIPCIÓN FÍSICA |
| Extensión |
348 p. |
| 650 04 - PUNTO DE ACCESO ADICIONAL DE MATERIA - TÉRMINO DE MATERIA |
| 9 (RLIN) |
4196 |
| Término de materia o nombre geográfico como elemento inicial |
Delicte en els mitjans de comunicació de massa |
| 650 04 - PUNTO DE ACCESO ADICIONAL DE MATERIA - TÉRMINO DE MATERIA |
| 9 (RLIN) |
797 |
| Término de materia o nombre geográfico como elemento inicial |
Reportatges literaris |
| 650 04 - PUNTO DE ACCESO ADICIONAL DE MATERIA - TÉRMINO DE MATERIA |
| 9 (RLIN) |
3430 |
| Término de materia o nombre geográfico como elemento inicial |
Periodistes |
| Subdivisión de forma |
Recull d'escrits |
| 700 1# - PUNTO DE ACCESO ADICIONAL - NOMBRE DE PERSONA |
| 9 (RLIN) |
4245 |
| Nombre de persona |
Warden, Rob |
| Término indicativo de función |
ed. |
| 700 1# - PUNTO DE ACCESO ADICIONAL - NOMBRE DE PERSONA |
| 9 (RLIN) |
4246 |
| Nombre de persona |
Groves, Martha |
| Término indicativo de función |
ed. |
| 942 ## - ENTRADA DE ELEMENTOS AGREGADOS (KOHA) |
| Koha [por defecto] tipo de item |
Monografies |
| Fuente de clasificaión o esquema |
|